Confidence drops off a cliff (Record no. 79480)
[ view plain ]
| 000 -LEADER | |
|---|---|
| fixed length control field | 01188cab a22002175a 4500 |
| 001 - CONTROL NUMBER | |
| control field | L141396 |
| 008 - FIXED-LENGTH DATA ELEMENTS--GENERAL INFORMATION | |
| fixed length control field | 071121e20071117xxk f s 000 0 eng d |
| 035 ## - SYSTEM CONTROL NUMBER | |
| System control number | (Sirsi) u141396 |
| 041 0# - LANGUAGE CODE | |
| Language code of text/sound track or separate title | eng |
| 110 2# - MAIN ENTRY--CORPORATE NAME | |
| Corporate name or jurisdiction name as entry element | Estates Gazette |
| 9 (RLIN) | 298 |
| 240 0# - UNIFORM TITLE | |
| Uniform title | IPF forecast survey |
| -- | October 2007 |
| 245 00 - TITLE STATEMENT | |
| Title | Confidence drops off a cliff |
| 260 ## - PUBLICATION, DISTRIBUTION, ETC. | |
| Date of publication, distribution, etc. | 2007 |
| 490 ## - SERIES STATEMENT | |
| Series statement | Estates Gazette |
| Volume/sequential designation | (0746) 17 November 2007, 58-59(2) |
| 520 ## - SUMMARY, ETC. | |
| Summary, etc. | IPF forecast survey for 2007 reveals that total return expectations for 2007 have fallen from 8.1% in the previous quarter to 1.8%. Expectations of capital growth are greatly reduced, having turned negative for all sectors in 2008. Rental growth figures are also revised downwards for in 2008. Market correction which had been forecast for 2009 is now expected sooner and to be sharper. Returns for 2008 are now more expected to be more affected. Expectations for 2009 are now more positive. Inflation remains a concern, but another interest rate rise before 2008 now seems unlikely. |
| 590 ## - LOCAL NOTE (RLIN) | |
| Local note | KA |
| 650 24 - SUBJECT ADDED ENTRY--TOPICAL TERM | |
| Topical term or geographic name entry element | IPF CONSENSUS FORECAST SURVEY |
| 651 #4 - SUBJECT ADDED ENTRY--GEOGRAPHIC NAME | |
| Geographic name | United Kingdom |
| Chronological subdivision | |
| 690 ## - LOCAL SUBJECT ADDED ENTRY--TOPICAL TERM (OCLC, RLIN) | |
| Topical term or geographic name as entry element | PROPERTY-COMMERCIAL PROPERTY-COMMERCIAL PROPERTY MARKET |
| 942 ## - ADDED ENTRY ELEMENTS (KOHA) | |
| Suppress in OPAC | 0 |
| Withdrawn status | Lost status | Source of classification or shelving scheme | Damaged status | Not for loan | Home library | Current library | Shelving location | Date acquired | Total Checkouts | Full call number | Barcode | Date last seen | Copy number | Price effective from | Koha item type |
|---|---|---|---|---|---|---|---|---|---|---|---|---|---|---|---|
| Dewey Decimal Classification | London | London | Journal article | 21/11/2007 | ONLINE PUBLICATION | 141396-1001 | 06/08/2019 | 1 | 06/08/2019 | Journal article |